NFL 1-4 rounds in the 2026 draft - Statistics

General Stats
  • This quiz has been taken 55 times
  • The average score is 50 of 140
Answer Stats
Team + College Answer % Correct
Raiders - Indiana Fernando Mendoza
97%
Cardinals - Notre Dame Jeremiyah Love
97%
Giants - Ohio State Arvell Reese
94%
Titans - Ohio State Carnell Tate
94%
Jets -Texas Tech David Bailey
94%
Saints - Arizona State Jordyn Tyson
94%
Commanders - Ohio State Sonny Styles
94%
Chiefs - LSU Mansoor Delane
91%
Cowboys - Ohio State Caleb Downs
88%
Browns - Utah Spencer Fano
88%
Rams - Alabama Ty Simpson
88%
Giants - Miami Francis Mauigoa
82%
Jets - Oregon Kenyon Sadiq
82%
Buccaneers - Miami Rueben Bain Jr.
82%
Dolphins - Alabama Kadyn Proctor
79%
Cardinals - SE Louisiana Kaleb Proctor
79%
Eagles - USC Makai Lemon
76%
Jets - Indiana Omar Cooper Jr.
70%
Lions - Clemson Blake Miller
67%
Vikings - Florida Caleb Banks
67%
Saints - Georgia Christen Miller
67%
Cowboys - UCF Malachi Lawrence
67%
Ravens - Penn State Olaivavega Ioane
67%
Chiefs - Clemson Peter Woods
67%
Seahawks - Notre Dame Jadarian Price
64%
Browns - Texas A&M KC Concepcion
64%
Panthers - Georgia Monroe Freeling
64%
Chargers - Miami Akheem Mesidor
58%
Dolphins - San Diego State Chris Johnson
58%
Bears - Oregon Dillon Thieneman
58%
Titans - Auburn Keldric Faulk
58%
Steelers - Arizona State Max Iheanachor
58%
Patriots - Utah Caleb Lomu
55%
49ers - Ole Miss De'Zhaun Stribling
55%
Texans - Ohio State Kayden McDonald
55%
Bills - Clemson T.J. Parker
55%
Jets - Indiana D'Angelo Ponds
52%
Browns -Washington Denzel Boston
52%
Texans - Georgia Tech Keylan Rutledge
52%
Dolphins - Texas Tech Jacob Rodriguez
45%
Falcons - Clemson Avieon Terrell
42%
Giants - Tennessee Colton Hood
42%
Browns - Toledo Emmanuel McNeil-Warren
42%
Vikings - Miami Jakobe Thomas
42%
Giants - Notre Dame Malachi Fields
42%
Chiefs - Oklahoma R Mason Thomas
42%
Bears - LSU Zavion Thomas
42%
Commanders - Clemson Antonio Williams
39%
Cardinals - Miami Carson Beck
39%
Bengals - Texas A&M Cashius Howell
39%
Cardinals - Texas A&M Chase Bisontis
39%
Lions - Michigan Derrick Moore
39%
Cowboys - Florida Devin Moore
39%
Steelers - Penn State Drew Allar
39%
Dolphins - Texas Trey Moore
39%
Jaguars - Duke Wesley Williams
39%
Bengals - Georgia Colbie Young
36%
Eagles - Vanderbilt Eli Stowers
36%
Raiders - Tennessee Jermod McCoy
36%
Raiders - Arizona Treydan Stukes
36%
Ravens - Missouri Zion Young
36%
Steelers - Alabama Germie Bernard
33%
Vikings - Cincinnati Jake Golday
33%
Falcons - Georgia Zachariah Branch
33%
Colts - Georgia CJ Allen
30%
Ravens - Indiana Elijah Sarratt
30%
Ravens - USC Ja'Kobi Lane
30%
Panthers - Texas Tech Lee Hunter
30%
Bears - Iowa Logan Jones
30%
Titans - Texas Anthony Hill Jr.
27%
Packers - South Carolina Brandon Cisse
27%
Panthers - Tennessee Chris Brazzell II
27%
Jaguars - Oregon Emmanuel Pregnon
27%
Patriots - Illinois Gabe Jacas
27%
Steelers - Iowa Gennings Dunker
27%
Bears - Stanford Sam Roush
27%
Bengals - Washington Tacario Davis
27%
Dolphins - Louisville Chris Bell
24%
Chargers - Arizona Genesis Smith
24%
Buccaneers - Missouri Josiah Trotter
24%
Eagles - Miami Markel Bell
24%
Texans - Michigan Marlin Klein
24%
Rams - Ohio State Max Klare
24%
Raiders - Arkansas Mike Washington Jr.
24%
49ers - Texas Tech Romello Height
24%
Bulls - UConn Skyler Bell
24%
Colts - LSU A.J. Haulcy
21%
Chargers - Mississippi State Brenen Thompson
21%
Seahawks - TCU Bud Clark
21%
Dolphins - Texas Tech Caleb Douglas
21%
Bulls - Ohio State Davison Igbinosun
21%
Vikings - Iowa State Domonique Orange
21%
49ers - Indiana Kaelon Black
21%
Saints - Georgia Oscar Delp
21%
Buccaneers - Georgia State Ted Hurst
21%
Jets - Florida State Darrell Jackson Jr.
18%
49ers - Oklahoma Grace Halton
18%
Chargers - Florida Jake Slaughter
18%
Raiders - Auburn Keyron Crawford
18%
Jaguars - Texas A&M Nate Boerkircher
18%
Packers - Missouri Chris McClellan
15%
Steelers - Iowa Kaden Wetjen
15%
Buccaneers - Miami Keionte Scott
15%
Broncos - Texas A&M Tyler Onyedim
15%
Jaguars - Texas A&M Albert Regis
12%
Browns - Florida Austin Barber
12%
Saints - North Dakota State Bryce Lance
12%
Jets - Clemson Cade Klubnik
12%
Vikings - Northwestern Caleb Tiernan
12%
Packers - Penn State Dani Dennis-Sutton
12%
Colts - Kentucky Jalen Farmer
12%
Broncos - Washington Jonah Coleman
12%
Dolphins - Pittsburgh Kyle Louis
12%
Raiders - Texas A&M Trey Zuhn III
12%
Dolphins - Ohio State Will Kacmarek
12%
Panthers - Texas A&M Will Lee III
12%
Bengals - Auburn Conner Lew
9%
Steelers - Georgia Daylen Everette
9%
Patriots - Notre Dame Eli Raridon
9%
Seahawks - Arkansas Julian Neal
9%
Broncos - Boise State Kage Casey
9%
Bulls - TCU Kaleb Elarms-Orr
9%
Rams - Missouri Keagen Trost
9%
Falcons - Oklahoma Kendal Daniels
9%
Bears - Texas Malik Muhammed
9%
Chargers - Memphis Travis Burke
9%
Cowboys - Penn State Drew Shelton
6%
49ers - Wisconsin Ephesians Prysock
6%
Cowboys - Michigan Jaishawn Barham
6%
Lions - Michigan Jimmy Rolder
6%
Colts - Oregon Bryce Boettcher
3%
49ers - Washington Carver Willis
3%
Texans - Oklahoma Febechi Nwaiwu
3%
Chiefs - Oregon Jadon Canady
3%
Jaguars - Maryland Jalen Huskey
3%
Saints - Auburn Jeremiah Wright
3%
Bills - Boston College Jude Bowry
3%
Cowboys - Alabama LT Overton
3%
Ravens - SMU Matthew Hibner
3%
Texans - Clemson Wade Woodaz
3%
No matching quizzes found
Score Distribution
Percent of People with Each Score
Percentile by Number Answered
Your Score History
You have not taken this quiz